Ecos : (Registro nro. 20176)

Detalles MARC
000 -CABECERA
Campo de control 00740nas a2200217 a 4500
005 - FECHA Y HORA DE LA ULTIMA TRANSACCION
Campo de control 20180511073723.0
008 - ELEMENTOS DE LONGITUD FIJA—INFORMACION GENERAL
Campo de control 180511n ck uu|p|r|||| 00| 0 spa d
040 ## - FUENTE DE CATALOGACIÓN
Agencia catalogadora original CO-BoIAVH
Agencia transcriptora CO-BoIAVH
041 0# - IDIOMA
Código de idioma para texto/pista de sonido o título separado Español
044 ## - PAÍS DE PUBLICACIÓN
País de publicación Colombia
090 ## - CLASIFICACIÓN LOCAL
Colección SE
245 00 - MENCION DE TITULO
Título Ecos :
Parte restante del título la revista
260 ## - PUBLICACION, DISTRIBUCION, ETC. (PIE DE IMPRENTA)
Lugar de publicación, distribución, etc. Yopal (Casanare, Colombia) :
Nombre del editor, distribuidor, etc. Asociación de Becarios del Casanare,
Fecha de publicación, distribución, etc. [s.f.].
300 ## - DESCRIPCION FISICA
Otros detalles físicos ilustraciones y fotografías a color ;
Dimensiones 28 cm.
310 ## - FRECUENCIA ACTUAL DE LA PUBLICACIÓN
Frecuencia actual de la publicación Desconocido
650 26 - ASIENTO SECUNDARIO DE MATERIA - TERMINO TEMATICO
Término temático o nombre geográfico como elemento de entrada Medio ambiente
Subdivisión de forma Publicaciones periódicas
9 (RLIN) 91070
650 26 - ASIENTO SECUNDARIO DE MATERIA - TERMINO TEMATICO
Término temático o nombre geográfico como elemento de entrada Educación ambiental
Subdivisión de forma Publicaciones periódicas
9 (RLIN) 91071
651 #4 - ASIENTO SECUNDARIO DE MATERIA - NOMBRE GEOGRAFICO
Nombre geográfico Casanare (Colombia)
Subdivisión de forma Publicaciones periódicas
9 (RLIN) 91072
710 2# - ASIENTO SECUNDARIO - NOMBRE CORPORATIVO
Nombre corporativo o de jurisdicción como elemento de entrada Asociación de Becarios del Casanare
9 (RLIN) 91069
942 ## - ELEMENTOS ADICIONALES (KOHA)
Sistema de clasificación Local
Tipo de ítem Periodica o revista
Existencias
Withdrawn status Lost status Sistema de Clasificación Damaged status No para préstamo Colección Fecha publicación (Año) Volumen revista Ubicación Permanente Ubicación actual Fecha de adquisición Datos de publicación Seriada Total Checkouts Número topográfico Inventario / Código de Barras Date last seen Ejemplar Price effective from Forma de adquisición Tipo de material
    Local     Hemeroteca 2010 4 Bogotá Bogotá 11/05/2018 Volumen 4 (01/03/2010)   SE 059721 11/05/2018 Ej. 1 11/05/2018 Donación Periodica o revista
    Local     Hemeroteca 2011 6 Bogotá Bogotá 11/05/2018 Volumen 6 (01/04/2011)   SE 059719 11/05/2018 Ej. 1 11/05/2018 Donación Periodica o revista